| 000 | 00000nam 2200000zi 4500 |
| 001 | 9.940661 |
| 003 | CaOODSP |
| 005 | 20240717091246 |
| 006 | m o d f |
| 007 | cr mn||||||||| |
| 008 | 240717s2023 onc obs f000 0 fre d |
| 020 | |z9780660691756 |
| 040 | |aCaOODSP|bfre|erda|cCaOODSP |
| 043 | |an-cn--- |
| 086 | 1 |aPS83-5/R476F-PDF|zPS83-3/476F-PDF |
| 245 | 00|aRevalidation de l'échelle de classement par niveau de sécurité pour les délinquantes autochtones. |
| 264 | 1|a[Ottawa] : |bService correctionnel Canada = Correctional Service Canada, |c2023. |
| 300 | |a1 ressource en ligne (1 page non numérotée). |
| 336 | |atexte|btxt|2rdacontent/fre |
| 337 | |ainformatique|bc|2rdamedia/fre |
| 338 | |aressource en ligne|bcr|2rdacarrier/fre |
| 490 | 1 |aRecherche en un coup d'œil ; |vR-476 |
| 500 | |aTitre de départ. |
| 500 | |a« Transformons des vies. Protégeons les Canadiens. » |
| 500 | |aLe numéro de catalogue (PS83-3/476F-PDF) et ISBN (9780660691756) imprimés dans cette publication sont incorrects. |
| 500 | |aPublié aussi en anglais sous le titre : Revalidation of the custody rating scale for Indigenous women offenders. |
| 504 | |aComprend des références bibliographiques. |
| 520 | |a« La validité prédictive de l'Échelle de classement par niveau de sécurité (ECNS) est une nouvelle fois démontrée pour ce qui est des délinquantes autochtones à l'admission » -- Page [1]. |
| 650 | 6|aPrisonniers autochtones|zCanada|xClassification|vStatistiques. |
| 650 | 6|aPrisonnières|zCanada|xClassification|vStatistiques. |
| 650 | 6|aPrisonniers autochtones|xÉvaluation du risque|zCanada|vStatistiques. |
| 650 | 6|aPrisonnières|xÉvaluation du risque|zCanada|vStatistiques. |
| 650 | 6|aPrisons|xDiscipline|zCanada|vStatistiques. |
| 650 | 6|aLibération conditionnelle|xRévocation|zCanada|vStatistiques. |
| 655 | 7|aStatistiques|2rvmgf |
| 710 | 2 |aService correctionnel Canada. |bDirection de la recherche, |eorganisme de publication. |
| 775 | 08|tRevalidation of the custody rating scale for Indigenous women offenders.|w(CaOODSP)9.940660 |
| 830 | #0|aRecherche en un coup d'œil (Service correctionnel Canada)|vR-476.|w(CaOODSP)9.503037 |
| 856 | 40|qPDF|s253 Ko|uhttps://publications.gc.ca/collections/collection_2024/scc-csc/PS83-5-R476-fra.pdf |
| 856 | 4 |qHTML|sS.O.|uhttps://www.canada.ca/fr/service-correctionnel/organisation/bibliotheque/recherche/coup-oeil/476.html |